| 000 | 01047nam a22003017a 4500 | ||
|---|---|---|---|
| 003 | OSt | ||
| 005 | 20260418103007.0 | ||
| 008 | 260418s1988 ua |||fr|||| 00| 0 ara d | ||
| 017 | _a1988/4057 | ||
| 040 |
_a EG-GICUC _bara _c EG-GICUC _d EG-GICUC _erda |
||
| 041 | _aara | ||
| 082 | 0 | 4 |
_221 _a341.48 _bص ل . أ |
| 092 | 0 | 4 | _221 |
| 099 | _aLaw1 11 341.48 ص ل . أ 1988 | ||
| 100 | 0 |
_aصلاح عبدالبديع شلبي _eمؤلف. |
|
| 245 |
_aالأمم المتحدة و حماية الأقليات / _cصلاح عبدالبديع شلبي . |
||
| 264 | 1 |
_aالقاهرة : _bمكتبة النهضة العربية, _c1988 . |
|
| 300 |
_a70 صفحة ؛ _c24 سم . |
||
| 336 |
_2rda content _atext |
||
| 337 |
_2rda media _aComputer |
||
| 338 |
_2rda carrier _aOnline Resource |
||
| 546 | _aالنص باللغة العربية | ||
| 650 | 1 | _aالقانون الدولي العام | |
| 650 | 1 | _aحقوق الإنسان | |
| 856 | 4 | 0 | _uhttps://fll.law.cu.edu.eg/fulltext/bks/B11-05376.pdf |
| 905 | _a59 | ||
| 942 |
_2ddc _n0 _cBK _e21 |
||
| 999 |
_c71613 _d71613 |
||